000 00703nam a2200229 a 4500
001 BRL_995
005 20190320211002.0
008 301013s1964----mx-#######---#000-1#spa-#
041 _aspa
044 _amx
050 4 _aPQ7297.Y3
_b.C84 1964
100 1 _aYáñez, Agustín
_925519
245 1 0 _aTres Cuentos
_cAgustín Yáñez.
260 _aMéxico
_bJoaquín Mortiz
_c1964
300 _a119 p.
_c18 cm.
440 0 _aSerie el volador
_925520
500 _aAu1134
505 0 _aContenido: La niña esperanza o El monumento derrumbado - Las avispas o La mañana de ceniza - Gota serena o Las glorias del campo.
650 1 4 _aCuentos mexicanos
_ySiglo XX
_925042
902 _aGRL
942 _2lcc
_cB
999 _c9807
_d9807